El Análisis de contenido como ayuda metodológica para la investigación /

En el artículo se describen los elementos componentes del análisis de contenido y se aplican sus etapas, con base en un ejemplo de detección de los referentes relacionados con el tema de la identidad cultural, mencionados, directa o indirectamente, en cincuenta y cinco documentos publicados en Costa...

Descrizione completa

Salvato in:
Dettagli Bibliografici
Autore principale: Fernández, Flory
Natura: testo
Soggetti:
Tags: Aggiungi Tag
Nessun Tag, puoi essere il primo ad aggiungerne!!

MARC

LEADER 00000 a a2200000 04500
001 15299
003
040
100 |a Fernández, Flory  
245 |a El Análisis de contenido como ayuda metodológica para la investigación /  |c Flory Fernández 
520 |a En el artículo se describen los elementos componentes del análisis de contenido y se aplican sus etapas, con base en un ejemplo de detección de los referentes relacionados con el tema de la identidad cultural, mencionados, directa o indirectamente, en cincuenta y cinco documentos publicados en Costa Rica./dpa  
650 |a METODOS DE INVESTIGACION  
650 |a ANALISIS DE CONTENIDO  
650 |a INVESTIGACION APLICADA  
650 |a IDENTIDAD CULTURAL  
650 |a TEORIA  
773 |g número 96 (II); páginas 35-53  
999 |c 26671  |d 26671 
773 0 |0 18728  |9 3041  |a Universidad de Costa Rica  |d San José, Costa Rica Editorial UCR 1956-  |o 17111  |t Revista de Ciencias Sociales/  |x 04825276